| 000 | 00603nam a2200205 a 4500 | ||
|---|---|---|---|
| 008 | 951031s1968||||xo 0 slo c | ||
| 020 |
_a8096703161 _c23 |
||
| 040 |
_aSNK _bslo _cSNK _eAACR2 |
||
| 041 | 1 | _aslo | |
| 044 |
_axo _cSK |
||
| 080 | _a14:93/99 | ||
| 080 | _a93/99 | ||
| 100 | 1 | _4aut | |
| 245 | 1 | 0 |
_cĽubomír Belás _aZáklady vedeckého komunizmu |
| 250 | _a1. vyd. | ||
| 260 |
_aBratislava _bVPL _eBratislava _fPodnik výpočtovej techniky _c1968 |
||
| 300 |
_a106 s. _bFotogr., lit. 303 zázn. v češ., nem., poľ., ruš. a slov. _c20 cm |
||
| 600 | 1 |
_aKant, Immanuel _2SNK |
|
| 958 | _aAPR | ||
| 999 |
_c15534 _d15534 |
||